logo

Bir Sreshtho Munshi Abdur Rouf Library
Jhenaidah Cadet College

The civil service of Pakistan; (Record no. 7737)

MARC details
000 -LEADER
fixed length control field 00716cam a22002531 4500
001 - CONTROL NUMBER
JCCL Control Number 7737
003 - CONTROL NUMBER IDENTIFIER
JCCL marc code BD-JhCC
005 - DATE AND TIME OF LATEST TRANSACTION
control field 20180213131137.0
008 - FIXED-LENGTH DATA ELEMENTS--GENERAL INFORMATION
fixed length control field 721127s1964 ctub b 000 0 eng
035 ## - SYSTEM CONTROL NUMBER
system control number (BD-JhCC)7737
035 ## - SYSTEM CONTROL NUMBER
system control number (OCoLC)501784
040 ## - CATALOGING SOURCE
Original cataloging agency DLC
Transcribing agency ODaWU
Modifying agency OCoLC
-- Uk
-- DLC
-- BD-JhCC
041 ## - LANGUAGE CODE
Language code of Book eng
050 00 - LIBRARY OF CONGRESS CALL NUMBER
Classification number JQ552
Item number .G6
082 ## - DEWEY DECIMAL CLASSIFICATION NUMBER
Classification number 351.1095491
Author mark and Year GOO 1964
100 1# - MAIN ENTRY--PERSONAL NAME
Personal name Goodnow, Henry Frank.
245 14 - TITLE STATEMENT
Title The civil service of Pakistan;
Remainder of title bureaucracy in a new nation.
260 ## - PUBLICATION, DISTRIBUTION, ETC. (IMPRINT)
Place of publication, distribution, etc New Haven,
Name of publisher, distributor, etc Yale University Press,
Date of publication, distribution, etc 1964.
300 ## - PHYSICAL DESCRIPTION
Pagination viii, 328 p.
Other physical details map.
Dimensions 23 cm.
504 ## - BIBLIOGRAPHY, ETC. NOTE
Bibliography, etc Bibliography: p. [309]-322.
650 #0 - SUBJECT ADDED ENTRY--TOPICAL TERM
Topical term or geographic name as entry element Civil service
Geographic subdivision Pakistan.
942 ## - ADDED ENTRY ELEMENTS (KOHA)
Source of classification or shelving scheme Dewey Decimal Classification
Koha item type Books
Holdings
Source of classification or shelving scheme Damaged status Not for loan Home library Current library Shelving location Total Checkouts Full call number Barcode Date last seen Copy number Koha item type
Dewey Decimal Classification     JCC Rouf Library JCC Rouf Library General Stacks   351.1095491 GOO 1964 10337 02/13/2018 C -1 Books

JCC Library | Contacts | JCC Home

Last Update on 23 September 2017
Copyright @ 2017-2020 JCC Rouf Library
Rouf Library, Jhenidah Cadet College (JCC), Bangladesh